| 000 | 00404nam a2200169Ia 4500 | ||
|---|---|---|---|
| 005 | 20240823005140.0 | ||
| 008 | 240823s9999||||xx |||||||||||||| ||und|| | ||
| 082 | _A511 N6 | ||
| 100 | _aVenkatraman M K | ||
| 245 | 0 | _aNumerical Methods in Science and Engineering | |
| 250 | _a3rd | ||
| 260 |
_c1996 _b"NPC,Madras" |
||
| 500 | _aYES | ||
| 650 |
_aMATHS _bMathematics |
||
| 942 | _cBK | ||
| 999 |
_c154888 _d154888 |
||